| 000 -LEADER |
| fixed length control field |
00380nam a22001217a 4500 |
| 082 ## - DEWEY DECIMAL CLASSIFICATION NUMBER |
| Classification number |
TNC P62x54 N191 |
| 100 ## - MAIN ENTRY--PERSONAL NAME |
| Personal name |
Natarajan, R. |
| 9 (RLIN) |
21768 |
| 245 ## - TITLE STATEMENT |
| Title |
Technical education, Vol. 1 : |
| Remainder of title |
Current status and future directions |
| Statement of responsibility, etc |
by R. Natarajan |
| 260 ## - PUBLICATION, DISTRIBUTION, ETC. (IMPRINT) |
| Place of publication, distribution, etc |
Hyderabad |
| Name of publisher, distributor, etc |
ICFAI |
| Date of publication, distribution, etc |
2005 |
| 300 ## - PHYSICAL DESCRIPTION |
| Extent |
191p. |
| 650 ## - SUBJECT ADDED ENTRY--TOPICAL TERM |
| Topical term or geographic name as entry element |
Education - India |
| 9 (RLIN) |
21769 |
| 650 ## - SUBJECT ADDED ENTRY--TOPICAL TERM |
| Topical term or geographic name as entry element |
Technical education - India |
| 9 (RLIN) |
21770 |